Liste des Pokémon de quatrième génération - Statistiques

Statistiques générales
  • Ce quiz a été pris 1 342 fois
  • Le résultat moyen est 72 sur 107
Statistiques - réponses
Pokémon % Correct
393 Tiplouf
99%
390 Ouisticram
98%
387 Tortipouss
98%
395 Pingoléon
97%
389 Torterra
97%
483 Dialga
96%
484 Palkia
96%
392 Simiabraz
96%
394 Prinplouf
94%
388 Boskara
93%
391 Chimpenfeu
93%
396 Étourmi
93%
398 Étouraptor
92%
397 Étourvol
92%
487 Giratina
92%
482 Créfadet
90%
481 Créfollet
89%
480 Créhelf
88%
491 Darkrai
88%
493 Arceus
87%
399 Keunotor
86%
403 Lixy
84%
405 Luxray
84%
445 Carchacrok
83%
400 Castorno
83%
488 Cresselia
83%
404 Luxio
83%
492 Shaymin
81%
466 Élékable
80%
467 Maganon
80%
443 Griknot
79%
448 Lucario
79%
444 Carmache
77%
485 Heatran
77%
447 Riolu
77%
410 Dinoclier
75%
408 Kranidos
75%
418 Mustébouée
75%
407 Roserade
75%
411 Bastiodon
74%
419 Mustéflott
74%
409 Charkos
72%
490 Manaphy
72%
486 Regigigas
72%
471 Givrali
71%
489 Phione
70%
470 Phyllali
69%
406 Rozbouton
69%
460 Blizzaroi
68%
459 Blizzi
67%
442 Spiritomb
67%
461 Dimoret
64%
429 Magirêve
64%
402 Mélokrik
64%
425 Baudrive
63%
431 Chaglam
63%
413 Cheniselle
63%
412 Cheniti
63%
401 Crikzik
63%
426 Grodrive
63%
432 Chaffreux
61%
430 Corboss
59%
462 Magnézone
59%
479 Motisma
59%
468 Togekiss
59%
423 Tritosor
59%
416 Apireine
58%
415 Apitrini
58%
478 Momartik
58%
464 Rhinastoc
58%
422 Sancoki
58%
437 Archéodong
57%
475 Gallame
57%
472 Scorvol
57%
446 Goinfrex
56%
434 Moufouette
56%
436 Archéomire
55%
435 Moufflair
55%
417 Pachirisu
55%
449 Hippopotas
54%
473 Mammochon
54%
440 Ptiravi
54%
420 Ceribou
53%
421 Ceriflor
53%
454 Coatox
53%
453 Cradopaud
53%
450 Hippodocus
53%
414 Papilord
53%
427 Laporeille
51%
477 Noctunoir
51%
452 Drascore
50%
428 Lockpin
50%
438 Manzaï
48%
439 Mime Jr.
48%
451 Rapion
48%
455 Vortente
48%
469 Yanmega
48%
465 Bouldeneu
47%
474 Porygon-Z
47%
456 Écayon
45%
457 Luminéon
45%
424 Capidextre
44%
476 Tarinorme
44%
463 Coudlangue
41%
433 Korillon
38%
441 Pijako
38%
458 Babimanta
36%
Aucun quiz correspondant
Distribution des résultats
% des personnes avec chaque résultat
Percentile par nombre de réponses
Votre historique - résultats
Vous n’avez pas pris ce quiz